Pays organisateurs de la Coupe d'Asie des nations (football) - Statistiques

Statistiques générales
  • Ce quiz a été pris 133 fois
  • Le résultat moyen est 13 sur 17
Statistiques - réponses
Année Pays organisateur % Correct
1992 Japon
100%
1960 Corée du Sud
97%
2004 Chine
96%
1956 Hong Kong
96%
2007 Indonésie / Malaisie / Thaïlande / Viêt Nam
92%
1968 Iran
88%
1976 Iran
88%
1988 Qatar
85%
2011 Qatar
85%
2015 Australie
75%
1972 Thaïlande
68%
1964 Israël
64%
1996 Emirats arabes unis
58%
2019 Emirats arabes unis
58%
1980 Koweït
56%
2000 Liban
45%
1984 Singapour
28%
Aucun quiz correspondant
Distribution des résultats
% des personnes avec chaque résultat
Percentile par nombre de réponses
Votre historique - résultats
Vous n’avez pas pris ce quiz